• 首页
  • 本馆介绍
  • 公告通知
  • 最新文献
  • 馆藏检索
  • 电子资源
  • 读者导购
  • 参考咨询
  • 我的图书馆
  • 登录
  • 详细信息显示
  • 放入我的书架
  • 预约/预借图书
  • 作者相关作品
  • 分类相关作品
  • 丛书相关作品
  • 出版社相关作品

书目信息

  • 表格格式
  • 工作单格式
  • 卡片格式
题名:
倾城之恋
    
 
作者: 张爱玲 著
分册:  
出版信息: 长沙   新世纪出版社  1998
页数: 248页
开本: 20cm
丛书名: 现代名家经典
单 册:
中图分类: I217.2
科图分类:
主题词: 短篇小说--中国--现代--选集 , 散文--中国--现代--选集 , 短篇小说 , 散文
电子资源:
ISBN: 7-5405-1594-5
000 00952oam2 2200301 45
001 012005400021
005 20070706092500.64
010    @a7-5405-1594-5@dCNY29.80
092    @aCN@b164980
100    @a20050808e20041998em y0chiy0120 ea
101 0  @achi
102    @aCN@b430000
105    @ay z 000zy
200 1  @a倾城之恋@Aqing cheng zhi lian@f张爱玲著@Fzhang ai ling zhu
210    @a长沙@c新世纪出版社@d1998@h2004重印
215    @a248页@d20cm
225 2  @a现代名家经典@h第二辑@f傅光明主编
314    @a张爱玲,出生于上海,出版这小说集《传奇》、散文集《流言》等
330    @a本书收录了张爱玲小说两篇,散文二十余篇。包括《到底是上海人》、《黄昏》等。
461  0 @12001 @a现代名家经典
606 0  @a短篇小说@y中国@z现代@j选集
606 0  @a散文@y中国@z现代@j选集
606 0  @a短篇小说
606 0  @a散文
690    @aI217.2@v4
701  0 @a张爱玲@Azhang ai ling@4著
801  0 @aCN@bLZJBOOK@c20070706
905    @a10447@dI217.2@e564
    
    倾城之恋/张爱玲著.-长沙:新世纪出版社,1998(2004重印)
    248页;20cm.-(现代名家经典.第二辑/傅光明主编)
    
    
    ISBN 7-5405-1594-5:CNY29.80
    本书收录了张爱玲小说两篇,散文二十余篇。包括《到底是上海人》、《黄昏》等。
●
相关链接 在E读中查询图书 在五车中查询图书 在当当中查询图书 在豆瓣中查询图书


正题名:倾城之恋     索取号:I217.2/564         预约/预借

序号 登录号 条形码 馆藏地/架位号 状态 备注
1 0558593   205585936   第一样本阅览室/ [索取号:I217.2/564] 在馆    
2 0558594   205585945   第二借阅区/ [索取号:I217.2/564] 在馆    
3 0558595   205585954   第二借阅区/ [索取号:I217.2/564] 在馆    
4 0558596   205585963   第二借阅区/ [索取号:I217.2/564] 在馆    
5 0558597   205585972   第二借阅区/ [索取号:I217.2/564] 在馆    
6 0558598   205585981   第二借阅区/ [索取号:I217.2/564] 在馆    
7 0558599   205585990   第二借阅区/ [索取号:I217.2/564] 在馆    
8 0558600   205586007   第二借阅区/ [索取号:I217.2/564] 在馆    
唐山师范学院图书馆 欢迎您!
大连网信软件有限公司© 版权所有